000 01214nam a2200145 4500
008 707 C578c
020 _a9789872182236
082 _a707
_bC578c
100 _aConverti, Julia (coordinación)
_97308
245 _aCircuitos Latinoamericanos. Circuitos de los medios
_binteracción, roles y perspectivas
260 _aBuenos Aires
_bFundación arteBA
_c2006
300 _a212 p.
_bil.
_c22 x 15 cm
505 _t19/05. Cambios y efectos del arte latinoamericano en los medios masivos de comunicación norteamericanos a través de las notas y críticas a exposiciones
_t20/05. Presencia del arte latinoamericano en las revistas de arte internacionales, ediciones en inglés (USA - Europa)
_t21/05. Revistas de arte regionales desde y de América Latina y España. Direcciones editoriales y circuitos de distribución regionales e internacionales
_t22/05. Revistas de crítica cultural en la región. Su política editorial ligada al arte latinoamericano
_t23/05. Diarios de gran circulación: política editorial y mercado de arte latinoamericano
650 _xarte contemporáneo
_xarte latinoamericano
_xarte - investigación
_xarte - revistas
_xarte - editoriales
_xarte - crítica cultural
_xarte - medios de comunicación
_97309
999 _c1900
_d1900